Statistics for NFL Teams - One Minute Sprint

Click here to take the quiz!

General Stats

  • This quiz has been taken 57,896 times
  • The average score is 19 of 32

Answer Stats

Team% Correct
New England Patriots
81%
New York Giants
76%
Dallas Cowboys
74%
New York Jets
70%
Philadelphia Eagles
69%
Miami Dolphins
67%
Green Bay Packers
67%
Pittsburgh Steelers
66%
Chicago Bears
63%
Washington Football Team
63%
Seattle Seahawks
62%
Carolina Panthers
62%
Cleveland Browns
61%
San Francisco 49ers
61%
New Orleans Saints
60%
Los Angeles Rams
60%
Minnesota Vikings
59%
Denver Broncos
59%
Buffalo Bills
58%
Atlanta Falcons
58%
Detroit Lions
58%
Baltimore Ravens
56%
Las Vegas Raiders
56%
Tampa Bay Buccaneers
55%
Cincinnati Bengals
54%
Houston Texans
54%
Los Angeles Chargers
54%
Indianapolis Colts
52%
Jacksonville Jaguars
52%
Kansas City Chiefs
52%
Arizona Cardinals
50%
Tennessee Titans
49%

Score Distribution

Percentile by Number Answered

Percent of People with Each Score

Your Score History

You have not taken this quiz